An introduction to modern architecture / (Record no. 137089)

MARC details
000 -LEADER
fixed length control field 00582nam a2200205 4500
010 ## - LIBRARY OF CONGRESS CONTROL NUMBER
LC control number A-905585
020 ## - INTERNATIONAL STANDARD BOOK NUMBER
International Standard Book Number 1856279162
035 ## - SYSTEM CONTROL NUMBER
System control number A-905585
037 ## - SOURCE OF ACQUISITION
Source of stock number/acquisition Cen Lib / Ret
040 ## - CATALOGING SOURCE
Original cataloging agency DPL
Language of cataloging EN
082 ## - DEWEY DECIMAL CLASSIFICATION NUMBER
Classification number 724.9
Item number PEE
100 ## - MAIN ENTRY--PERSONAL NAME
Personal name Richards, J. M.
245 ## - TITLE STATEMENT
Title An introduction to modern architecture /
Statement of responsibility, etc by J M Richards
260 ## - PUBLICATION, DISTRIBUTION, ETC. (IMPRINT)
Place of publication, distribution, etc London
Name of publisher, distributor, etc Cassell
Date of publication, distribution, etc 1996
270 ## - ADDRESS
Address Grange Yard
City London
300 ## - PHYSICAL DESCRIPTION
Extent 128p ;
Dimensions 27cm(Hb)
650 ## - SUBJECT ADDED ENTRY--TOPICAL TERM
Topical term or geographic name as entry element Architecture, Modern -- 20th century.
650 ## - SUBJECT ADDED ENTRY--TOPICAL TERM
Topical term or geographic name as entry element Architecture, Modern.
942 ## - ADDED ENTRY ELEMENTS (KOHA)
Source of classification or shelving scheme Dewey Decimal Classification
Koha item type English Books
Classification part 724.9
Call number suffix PEE
Holdings
Withdrawn status Lost status Damaged status Not for loan Home library Current library Date acquired Source of acquisition Total Checkouts Total Renewals Full call number Barcode Date last seen Date checked out Copy number Price effective from Koha item type
        Central Library Central Library 16/03/2016 Cen Lib/Ret 1 1 724.9 PEE A-905585 13/01/2022 15/12/2021 1 16/03/2016 English Books

© Delhi Public Library
Hit Counter
free hit counter